| 000 | 01539nam a2200277 i 4500 | ||
|---|---|---|---|
| 003 | DO-SdBNP | ||
| 005 | 20250529075405.0 | ||
| 007 | ta | ||
| 008 | 250529b2024 dr ||||| |||| 00| 0 spa d | ||
| 020 | _a9789945290240 | ||
| 040 |
_aDO-SdBNP _bspa _cBNPHU _erda |
||
| 082 |
_axxxx _bS232 _222 |
||
| 100 | 1 |
_aSantana González, José Miguel _eautor _4aut. _987373 |
|
| 245 | 1 | 0 |
_aNarraciones de otros tiempos / _cJosé Miguel Santana González |
| 250 | _aPrimera edición | ||
| 264 | 4 |
_aSanto Domingo : _bEditora Búho, _c©2024. |
|
| 300 |
_a78 páginas ; _c23 cm. |
||
| 336 |
_atexto _btxt _2rdacontent |
||
| 337 |
_asin mediación _bn _2rdamedia |
||
| 338 |
_avolumen _bnc _2rdacarrier |
||
| 500 | _aIncluye datos biografícos del autor en la contracubierta. | ||
| 520 | _aDe esta obra, Narraciones de otros tiempos, de José Miguel Santana González, me han sorprendido gratamente dos detalles. El primero es que las historias contadas logran halagar en gran medida todo ese historial que existe en nuestro imaginario, ya sea por lo que vivimos durante la niñez o por lo que nos contaron nuestros padres y abuelos. El segundo detalle es que, en las narraciones, el autor muestra un magnífico dominio de la lengua. Además, al final de cada una de las historias contadas con donaire, más que un desenlace sorpresivo, asalta al lector un brote de humor capaz de contagiar al más abúlico de los humanos. Es una obra para deleitarnos. Avelino Stanley | ||
| 590 | _aInventariado, 2025/ YL | ||
| 910 | _aYLockward | ||
| 942 |
_2ddc _cLBS1 |
||
| 999 |
_c58644 _d58644 |
||